| 000 | 00911nam a22003017a 4500 | ||
|---|---|---|---|
| 003 | CHAP | ||
| 005 | 20220329140500.0 | ||
| 008 | 971013s1941 r 00010 d | ||
| 010 | _a52620 | ||
| 011 | _a53592 | ||
| 035 | _a57742 | ||
| 040 | _cCHAP | ||
| 082 |
_a631.2 _bW66 |
||
| 100 | 0 | 0 |
_aWooley, John Cochran. _9122586 |
| 245 | _aFarm buildings | ||
| 260 |
_aNew York : _bMcGraw-Hill, _c1941 |
||
| 300 |
_a345 p. _b: ilus. |
||
| 590 |
_aBATCH-UPD _b10 _c20130110 _lUCH01 _h0624 |
||
| 590 |
_aBATCH-UPD _b10 _c20130410 _lUCH01 _h0307 |
||
| 590 |
_aBATCH-UPD _b10 _c20130914 _lUCH01 _h0400 |
||
| 590 |
_aCONVERSION _b10 _c20130109 _lUCH01 _h1328 |
||
| 650 | 1 | 4 |
_aArquitectura doméstica _xProyectos y planos. _97377 |
| 650 | 1 | 4 |
_aConstrucciones rurales _xE.U.A. _927380 |
| 650 | 1 | 4 |
_aIngeniería agrícola. _958196 |
| 901 | _aBK | ||
| 942 | _cLIBRO | ||
| 949 |
_a631.2 W66 _bBC _cBPA _d-125511 _eBPA _h20691 _i57742 _si |
||
| 999 |
_c52620 _d52620 |
||